| 000 | 004510000a22001810004500 | ||
|---|---|---|---|
| 003 | MACL | ||
| 005 | 20160120122400.0 | ||
| 008 | 160120b xxu||||| |||| 00| 0 eng d | ||
| 040 |
_aMACL _cMACL |
||
| 041 | _aEnglish | ||
| 082 | _a297.6/BHA | ||
| 100 |
_aBhave, Y G _933535 |
||
| 245 | _aThe Mahatama and The Muslims | ||
| 260 |
_bNorthern Book Centre _c1997 _aNew Delhi |
||
| 350 | _a150 | ||
| 650 |
_aReligion _933536 |
||
| 942 |
_cBK _k297.6/BHA _2ddc |
||
| 999 |
_c33043 _d33043 |
||